| 000 | 01312nam a2200253 a 4500 | ||
|---|---|---|---|
| 001 | 54217 | ||
| 003 | BD-RjUL | ||
| 005 | 20211209080104.0 | ||
| 008 | 161103s1978 ii ||||| |||| 00| 0 ben d | ||
| 035 | _a(BD-RjUL54339 | ||
| 040 |
_aBD-RjUL _bben _cBD-RjUL _dBD-RjUL |
||
| 041 | _aben | ||
| 082 |
_223 _a891.4408 _bMIR 1978 |
||
| 245 | 1 | 0 |
_aমীর মশার্রফ হোসেন রচনাসংগ্রহ / _cভূমিকা : আসিতকুমার বন্দ্যোপাধ্যায়, সম্পাদনা : বিষ্ণু বসু, সহযোগী সম্পাদক : কমলেন্দু ধর |
| 260 |
_aকলকাতা : _bকমলা সাহিত্য ভবন, _c১৯৭৮ |
||
| 300 |
_aখন্ড. ; _c২২ সেমি. |
||
| 505 | _aখন্ড. ১ -- | ||
| 650 |
_aবাংলা সাহিত্য _9161768 _vসংগ্রহ |
||
| 650 |
_aBengali Literature _9161769 _vCollections |
||
| 700 |
_aভূমিকা : বন্দ্যোপাধ্যায়, আসিতকুমার _qভূমিকা _9161806 |
||
| 700 |
_aবসু, বিষ্ণু _qসম্পাদনা _9161807 |
||
| 700 |
_aধর, কমলেন্দু _qসহযোগী সম্পাদক _9161808 |
||
| 942 |
_2ddc _cBK |
||
| 999 |
_c54217 _d54217 |
||